000 01146nam a2200325 c 4500
003 BLK
005 20220221165521.0
008 180407b bul|||||r ||||||| ||bul||
010 _aKNG00033345000
020 _a954-729-084-3
_bиздат.: Атика
040 _aBLK
041 _aBUL
_cBUL
080 _aАмериканска литература (на САЩ)
_b821.111(73)
_x-312.9
_z821.111(73)-312.9
100 1 _aПелегрино, Чарлз
_eпърви автор
_9270995
700 1 _aГеоргиева, Мила
_eпрев. от англ.
_9366572
139 _aПелегрино, Чарлз
_bП 33
245 1 0 _aПрах
_bРоман
_cЧарлз Пелегрино; прев. от англ. Мила Георгиева.
257 _aUSA
260 София
_bАтика
_c2000
300 _a351 с.
_c20 см
380 _aX
500 _aОриг. загл. Dust / Charles Pellegrino. -Офс. изд.
653 _aфантастика
653 _aромани
852 _aЦб 205795
856 4 _qpdf
_u
856 4 _qpdf
_u
942 _cKNG
_n0
_01
944 _aCR
_c30.01.2003
_kДиана_Димитрова
944 _aED
_c20.03.2013
_k
999 _c30709
_d30709